50 Biggest Cities of British North America in 1861 - Statistics

General Stats
  • This quiz has been taken 347 times
  • The average score is 15 of 50
Answers on the Map
Answers color-coded by a green-red scale on the quiz's map according to % correct below.
 
Answer Stats
Population Cities % Correct
44,821 Toronto
100%
90,323 Montreal
98%
51,109 Quebec
98%
14,669 Ottawa
90%
25,026 Halifax
87%
27,317 Saint John
80%
13,261 St. John's
80%
11,555 London
75%
19,096 Hamilton
72%
2,501 Windsor
67%
6,076 Charlottetown
54%
5,652 Fredericton
53%
6,058 Trois-Rivières
51%
13,743 Kingston
45%
5,899 Sherbrooke
40%
2,091 Sarnia
32%
5,076 Guelph
30%
2,134 Barrie
28%
6,284 St. Catharines
28%
3,979 Peterborough
26%
4,466 Chatham
22%
2,816 Longueuil
22%
6,251 Brantford
20%
5,333 Lévis
20%
6,277 Belleville
18%
2,269 Saint-Jean-Baptiste
18%
3,317 Saint-Jean-sur-Richelieu
18%
2,809 Stratford
16%
2,216 Owen Sound
13%
4,112 Brockville
12%
3,636 Saint-Hyacinthe
11%
2,697 Whitby
11%
3,227 Goderich
10%
4,778 Sorel
10%
3,353 Woodstock
10%
4,975 Cobourg
9%
2,360 Amherstburg
8%
2,373 Paris
7%
2,465 Perth
7%
4,162 Port Hope
7%
2,577 Ingersoll
6%
2,591 Prescott
6%
2,778 St. Marys
6%
2,150 Bonavista
5%
4,808 Carbonear
5%
2,852 Dundas
5%
5,095 Harbour Grace
4%
2,849 Sainte-Rose
4%
3,069 Galt
3%
11,500 Portland
3%
No matching quizzes found
Score Distribution
Percent of People with Each Score
Percentile by Number Answered
Your Score History
You have not taken this quiz